Quizzes
Events
Quiz Creation
Community
Videos
Private Events
Remove Ads
Sign In
Join for FREE
Feedback
Dark Mode
Quiz Categories
Sports
Geography
Music
Movies
Television
Just For Fun
Miscellaneous
History
Literature
Language
Science
Gaming
Entertainment
Religion
Holiday
For Kids
Quiz Lab
Recent
Popular Today
Quiz Kudos Today
Editor Picks
Curator Picks
Quizzes by...
Day
Popularity
Type
Ratings
Length
Year
Community
Subscriptions
Recent Discussions
Orange Saloon
Badges
Playlists
Quests
Create
Leaderboards
Showdown
Live 5
Trivia Bingo
Activity
Puzzle Library
Sporcle Events
Private Events
Virtual Trivia
Globe League
Become a Host
Pub Owners
SporcleCon
Opinionation
Our Games
Videos
Blog
Mobile Apps
Partnerships
Remove Ads and Go Orange
Feedback
Sports
Athletes
MLB
NBA
NHL
NFL
Soccer
Sports Teams
WWE
NCAA
Football
Premier League
Basketball
Baseball
Hockey
Golf
Tennis
Cricket
Rugby
Auto Racing
Olympics
World Cup
Sports
Athletes
MLB
NBA
NHL
NFL
Soccer
Sports Teams
WWE
NCAA
Football
Premier League
Basketball
Baseball
Hockey
Golf
Tennis
Cricket
Rugby
Auto Racing
Olympics
World Cup
Random Quiz
Search Sporcle
×
Quiz Lab
Quiz Lab
Sports
Football
Type in answers that appear in a list
Type in answers that appear in a list
Classic
Best Score? Go Orange.
CFL - Field goal kickers from the 1990's Stats
Can you name the CFL - Field goal kickers from the 1990's?
By
Stats_Man
10m
50 Questions
31 Plays
31 Plays
31 Plays
Comments
Comments
Give Quiz Kudos
Give Quiz Kudos
-
- Ratings
hide this ad
Replay
Link that replays current quiz
Next Quiz
Link to next quiz in quiz playlist
You Got
0%
They Got
Avg Score
39%
Avg Friend Score
Upgrade to see
Score Distribution
Jump to the score distribution portion of the page
Score
0/50
Timer
10:00
0
Plays Today
Team
Player
% Correct
BC Lions
Lui Passaglia
87.1%
BC Lions
Paul McCallum
83.9%
Ottawa Rough Riders
Paul McCallum
83.9%
Saskatchewan Roughriders
Paul McCallum
83.9%
Hamilton Tiger-
Cats
Paul Osbaldiston
80.6%
Winnipeg Blue Bombers
Troy Westwood
80.6%
Saskatchewan Roughriders
Dave Ridgway
67.7%
Toronto Argonauts
Mike Vanderjagt
64.5%
Edmonton Eskimos
Sean Fleming
61.3%
Montreal Alouettes
Terry Baker
61.3%
Ottawa Rough Riders
Terry Baker
61.3%
Toronto Argonauts
Terry Baker
61.3%
Edmonton Eskimos
Jon Baker
58.1%
Toronto Argonauts
Noel Prefontaine
58.1%
Calgary Stampeders
Mark McLoughlin
54.8%
BC Lions
Tony Martino
51.6%
Calgary Stampeders
Tony Martino
51.6%
Toronto Argonauts
Lance Chomyc
48.4%
Winnipeg Blue Bombers
Trevor Kennerd
48.4%
U.S. Teams
Donald Igwebuike
41.9%
U.S. Teams
Donald Igwebuike
41.9%
U.S. Teams
Carlos Huerta
38.7%
U.S. Teams
Carlos Huerta
38.7%
BC Lions
Wayne Lammle
32.3%
Ottawa Rough Riders
Wayne Lammle
32.3%
Team
Player
% Correct
Saskatchewan Roughriders
Wayne Lammle
32.3%
Toronto Argonauts
Wayne Lammle
32.3%
Toronto Argonauts
Dan Giancola
32.3%
U.S. Teams
Roman Anderson
32.3%
U.S. Teams
Roman Anderson
32.3%
Edmonton Eskimos
Ray Macoritti
29%
Edmonton Eskimos
Dean Dorsey
29%
Edmonton Eskimos
Jerry Kauric
29%
Edmonton Eskimos
Frank Jagas
29%
Edmonton Eskimos
Matt Kellett
29%
Ottawa Rough Riders
Dean Dorsey
29%
Ottawa Rough Riders
Ray Macoritti
29%
Saskatchewan Roughriders
Frank Jagas
29%
Toronto Argonauts
Arek Bigos
29%
U.S. Teams
Bjorn Nittmo
29%
BC Lions
Giulio Caravatta
19.4%
Saskatchewan Roughriders
Darcy Dahlem
12.9%
U.S. Teams
Nick Mystrom
9.7%
BC Lions
Rick Ryan
6.5%
U.S. Teams
Jim Crouch
6.5%
U.S. Teams
Chris Gardner
6.5%
U.S. Teams
Charles Bauman
0%
U.S. Teams
Franco Grilla
0%
U.S. Teams
Luis Zendejas
0%
U.S. Teams
Joe Allison
0%
Quiz Playlist
Details
Report
Send in Message
Add To Playlist
Classic:
Type in answers that appear in a list
Last Updated: Feb 16, 2017
Quiz Scoreboard
CHALLENGE
Sign Up to Join the Scoreboard
Show All
Scores
Hide
Comments
May contain spoilers
Recently Published
TV Characters by Other Roles V
by ghcgh
Television
5m
Decade Duel: World Leaders
by jenniferyan
History
4m
Alphabetical 'K' Countries by Flag Minefield
by ylime102
Geography
3m
More to Explore
Quiz From the Vault
Featured Blog Post
15 Basketball Trivia Facts You Can Be March Mad About
hide this ad
You Might Also Like...
Tags
Football Quiz
1990s
cfl
Kicker
Today's Top Quizzes in Sports
Browse Sports
hide this ad
Today's Top Quizzes in Football
Browse Football
Top Contributed Quizzes in Sports
1
Les joueurs à 100 buts en Ligue 1 Uber Eats
2
2022 World Cup Stars
3
Pick 6: NFL Teams
4
MLB 2 truths and a lie: Hall of Fame pitchers
5
Pick 6: Minor League Baseball
6
Millionaire: NBA Finals Edition
7
Pick 6: Olympics
8
Click the 1998 NBA Draft
9
Criteria MLB: Left Handed Sluggers
10
NBA Logic Puzzle 2.0
Explore More
Trending Topics
Marvel
Disney
Anime
Kpop
Crossword
NBA
Harry Potter
Pokémon
Song
Puzzle
NFL
The Office
Soccer
WWE
Country
hide this ad
More By:
Stats_Man
Quiz
Plays
Rating
Category
Featured
Created
Blackadder - I have a cunning plan (Clickable)
1,101
5.00
Television
Mar 20, 2012
NHL - Wayne Gretzky's victims
580
5.00
Sports
Feb 7, 2012
CFL - Leading passers per team / per decade
271
4.75
Sports
Jan 26, 2012
Saskatchewan Roughriders - opening day starting QBs
187
5.00
Sports
Mar 18, 2012
Winnipeg Blue Bombers - opening day Starting Quarterbacks
170
5.00
Sports
Feb 3, 2012
Go to Creator's Profile
Score Distribution
Quiz Creator Spotlight
Stats_Man
Follow
Send a Message
Quizzes Created
-
Created Quiz Play Count
-
More By This Creator
Popular Quizzes Today
1
Countries of Asia Without Outlines Minefield
2
Find the US States - No Outlines Minefield
3
Pick 6: Fruits
4
The Countries of the World
5
Alphabetical 'K' Countries by Flag Minefield
6
Find the Countries of Europe - No Outlines Minefield
7
US States
8
Find the US States
More Sports Quizzes
7 to 1: Sports Subcategory Potpourri
Quiz Lab
Trending Quizzes
Pick 6: Mountains
Pick 6: Harry Potter
Pick 6: Flags
Pick 6: NFL Teams
Pick 6: Movie Franchises
Recently Updated
Adaptations: Name the Title
pecheneg
NWSL Teams
pecheneg
Women's Final Four Teams by Year
bhenderson79
Presidents Quartet II
eogle
Anything But Clue(do)
eogle
Anything But Oceanian Capitals
eogle
Anything But 7
eogle
Anything But Thing
eogle
Word Ladder: February 29
pecheneg
Song Title Questions
pecheneg
Trending Topics
Marvel
Harry Potter
Anime
Disney
NBA
Crossword
Kpop
Song
Pokémon
Country
Soccer
WWE
Puzzle
NFL
The Office
Your Account Isn't Verified!
In order to create a playlist on Sporcle, you need to verify the email address you used during registration. Go to your
Sporcle Settings
to finish the process.
Report this User
Report this user for behavior that violates our
Community Guidelines
.
Details:
Send Report
Go to the Sporcle.com Mobile Site →
Comments